000 00645nam a22002177a 4500
008 240706b mp ||||| |||| 00| 0 mon d
035 _a3984
040 _aBH0164090
_bmon
_cMN-UlNLM
_dMN-UlNLM
_erda
041 _amon
042 _a98243
084 _2NNA
_a84/2орос/
_bМ-26
100 _aМаркес Г.
245 0 _aЗуун жилийн ганцаардал
264 _aУлаанбаатар
_bУлсын хэвлэлийн газар
_c1989
300 _a374х.
336 _2rdacontent
_atext
_btxt
337 _2rdamedia
_aunmediated
_bn
338 _2rdacarrier
_avolume
_bnc
650 _aРоман
942 _2NNA
_cBK
999 _c1103375
_d1103432